| 000 | 00475 a2200157 4500 | ||
|---|---|---|---|
| 003 | NUST | ||
| 005 | 20230321172314.0 | ||
| 040 | _cNust | ||
| 082 | _a958.104,KHA | ||
| 100 |
_aKhan, Muhammad Iftikhar Ali _9110992 |
||
| 245 |
_a Afghanistan / افغانستان تاریخ کے مختلف ادوار میں (Urdu) / _c Raja Muhammad Iftikhar Ali Khan |
||
| 260 | _a Karachi | ||
| 300 | _a734:p. | ||
| 650 |
_aHistory of Afghanistan _9110993 |
||
| 942 |
_2ddc _cBK _k958.104,KHA |
||
| 999 |
_c188051 _d188051 |
||